| 000 | 00631nam a2200229Ia 4500 | ||
|---|---|---|---|
| 008 | 160319s9999 xx 000 0 und d | ||
| 020 | _a9789715425155 | ||
| 050 | _a499.2117 | ||
| 050 | _b.S271 2006 | ||
| 245 | _aSawikaan 2005 : | ||
| 245 | _bmga salita ng taon / | ||
| 245 | _cGalileo S. Zafra, Michael M. Coroza, mga editor. | ||
| 260 | _aQuezon City : | ||
| 260 | _bThe University of the Philippines Press | ||
| 260 | _c2006 | ||
| 300 | _axiii, 117 pages : | ||
| 300 | _billustrations ; | ||
| 300 | _c20 cm. | ||
| 650 | _aFilipino language. | ||
| 700 | _aCoroza, Michael M. | ||
| 700 | _aZafra, Galileo S. | ||
| 999 |
_c292367 _d292367 |
||